=LDR 00000nam 2200000 4500 =001 INLIS000000000037432 =005 20200618115605 =035 ##$$a 0010-061300000037432 =008 200618################g##########0#ind## =041 ##$$a Ind =082 ##$$a 2x0.32 =090 ##$$a 2x0.32, Akb p =100 1#$$a Akbar, Arif Maulana =245 1#$$a Petaka umat islam, Konspirasi musuh islam di balik kisah israiliat, /$c Arif Maulana Akbar; Editor, M Luqman A =260 ##$$a Solo :$b Inti Medina,$c 2009 =300 ##$$a xii,104 hlm, ; $c 14 x 21 cm =650 #4$$a Islam Politik =700 #$$a M Luqman A =850 ##$$a NBPNMAT =020 ##$$a 978-979-072-001-5 =084 ##$$a 2x0.32 AKB p =250 ##$$a cet.1 =990 ##$$a 21106261 =990 ##$$a 21106260 =990 ##$$a 21106259 =990 ##$$a 21106262